Normal view
MARC view
- Saleem,Marium
Entry Personal Name
001 - CONTROL NUMBER
- control field: 5242
003 - CONTROL NUMBER IDENTIFIER
- control field: NUST
005 - DATE AND TIME OF LATEST TRANSACTION
- control field: 20171004132409.0
008 - FIXED-LENGTH DATA ELEMENTS
- fixed length control field: 171004|| aca||aabn | a|a d
040 ## - CATALOGING SOURCE
- Original cataloging agency: NUST
- Transcribing agency: NUST
100 ## - HEADING--PERSONAL NAME
- Personal name: Saleem,Marium
670 ## - SOURCE DATA FOUND
- Source citation: Work cat.: (NUST): Saleem,Marium, Modeling traffic violation and their impact on road accidents, 2015
